00653 2200229 4500001002100000005001500021035002000036245008000056100003100136250001000167300002100177264003600198336002100234337003000255338002300285082000800308084001400316020002200330650002000352008004100372990001000413INLIS00000000000037420220621064421 a0010-06220003711 aFireflies :bKarena setiap orang punya cahayanya sendiri /cAletheia Agatha0 aAletheia AgathaePengarang acet.1 a280 hlm ;c19 cm aTangerang :bEdu Penguin,c2013 2rdacontentaTeks 2rdamediaaTanpa Perantara 2rdacarrieraVolume a813 a813 ALE f a978-602-177-771-9 4aFiksi Indonesia220621 0  a21.43